00311nam a2200109Ia 4500008004100000041000800041100001900049245006900068260003600137300000800173700002000181250110s9999 xx 000 0 und d aeng aDandage Shruti aRe-Imagining Captive Infrastructure In The Island City Of Mumbai bM Arch Digital BNCA, Punec2016 a86p aGuide Name:BNCA